00585 2200205 4500001002100000005001500021035002000036245007700056100001600133250000600149300003500155700002000190260005900210082001000269084001600279020002200295650002800317990001700345990001700362INLIS00000000000130520190904012416 a0010-09190000091 aMembuat PR yang Menyenangkan /cAsep Dadang; Penyunting, Entang Suherman0 aAsep Dadang a- aiv, 76 hlm. :bilus. ;c25 cm.0 aEntang Suherman aBandung :bPT Globalindo Universal Multi Kreasi,c2007 a371.3 a371.3 ASE m a978-979-749-100-0 aMetode Belajar Mengajar a04642/P/2018 a04643/P/2018